000 00540nam a2200193 a 4500
001 1769855259948
003 YourLibrary
005 20260131161816.0
008 260131s2009##################000#0#eng##
020 _a9780199571116
082 0 4 _a332.11
_bMAN
100 1 _aManning, Mark,
_eauthor.
245 1 0 _aThe Economics of Large-value Payments and Settlement :
260 _bOxford University Press,
_c2009.
300 _a243 pages
650 0 _aBusiness & Economics.
942 _cENGLISH
040 _aYourLibrary
_beng
_cYourLibrary
999 _c609442
_d609442